| 000 | 00581nam a2200193 4500 | ||
|---|---|---|---|
| 003 | OSt | ||
| 005 | 20260530113903.0 | ||
| 008 | 260505b |||||||| |||| 00| 0 ita d | ||
| 040 |
_aICI _bspa _cICI |
||
| 050 |
_aNK1505 _bD47 |
||
| 100 | 1 |
_aInstituto Superior de la industria artística de Florencia _932545 |
|
| 245 | 1 | 0 |
_aDesign & Dintorni 1; _bperiodico di ricerca e documentazione |
| 264 | 1 |
_bScuola de Design di Firenze _c1992 |
|
| 300 | _a151 páginas | ||
| 336 |
_atexto _2rdacontent |
||
| 337 |
_asin medio _2rdamedia |
||
| 338 |
_avolumen _2rdacarrier |
||
| 942 |
_2ddc _cBK _n1 |
||
| 999 |
_c11863 _d11863 |
||